[Event "Quebec-ch Elite"]
[Site "Montreal"]
[Date "2010.10.11"]
[Round "6"]
[White "Gauthier, Denis"]
[Black "Hajiyev, Elshad"]
[Result "0-1"]
[WhiteElo "1920"]
[BlackElo "2126"]
[PlyCount "44"]
[EventDate "2010.10.08"]
[EventType "swiss"]
[EventRounds "7"]
[EventCountry "CAN"]
[SourceTitle "EXT 2013"]
[Source "ChessBase"]
[SourceDate "2012.11.22"]
[SourceVersion "1"]
[SourceVersionDate "2012.11.22"]
[SourceQuality "1"]

1. d4 c5 2. d5 Nf6 3. Nc3 e5 4. e4 d6 5. h3 Be7 6. Nf3 a6 7. a4 0-0 8. Be2 Ne8 9. g4 Nc7 10. Be3 b6 11. Qd2 Nd7 12. Nd1 Nf6 13. Qd3 b5 14. axb5 c4 15. Qc3 Nxe4 16. Qxc4 axb5 17. Qxe4 Rxa1 18. 0-0 f5 19. gxf5 Bxf5 20. Qb4 Bxh3 21. Re1 Ra4 22. Qb3 Qe8 0-1

[Event "Montreal op"]
[Site "Montreal"]
[Date "2010.09.10"]
[Round "1"]
[White "Hajiyev, Elshad"]
[Black "Sambuev, Bator"]
[Result "0-1"]
[WhiteElo "2041"]
[BlackElo "2486"]
[PlyCount "86"]
[EventDate "2010.09.10"]
[EventType "swiss"]
[EventRounds "5"]
[EventCountry "CAN"]
[SourceTitle "CBM 138 Extra"]
[Source "ChessBase"]
[SourceDate "2010.10.29"]
[SourceVersion "1"]
[SourceVersionDate "2010.10.29"]
[SourceQuality "1"]

1. d4 Nf6 2. Nf3 g6 3. Bf4 Bg7 4. c3 0-0 5. h3 b6 6. Nbd2 Bb7 7. Qc2 c5 8. dxc5 bxc5 9. e4 d5 10. exd5 Bxd5 11. Be2 Nbd7 12. 0-0 Qc8 13. c4 Bb7 14. Rab1 Qc6 15. b4 cxb4 16. Rxb4 Nd5 17. cxd5 Qxc2 18. Rxb7 Nb6 19. Bd1 Qf5 20. Bg3 Nxd5 21. Bb3 e6 22. Re1 a5 23. Ne4 a4 24. Nh4 axb3 25. Nxf5 gxf5 26. axb3 fxe4 27. Rxe4 Nc3 28. Re1 Rfd8 29. Kh2 Rd5 30. Re3 Nb5 31. Rf3 Rf8 32. Bh4 Nd6 33. Rb4 Nf5 34. Bg5 Rc8 35. Ra4 h6 36. Bf4 Nh4 37. Re3 Ng6 38. Bg3 Rd1 39. Rb4 Bd4 40. Re2 e5 41. Rc4 Ra8 42. Ra4 Rb8 43. b4 Rc8 0-1

[Event "Quebec-ch Elite qual"]
[Site "Montreal"]
[Date "2010.05.07"]
[Round "1"]
[White "Sambuev, Bator"]
[Black "Hajiyev, Elshad"]
[Result "0-1"]
[WhiteElo "2564"]
[BlackElo "2089"]
[PlyCount "76"]
[EventDate "2010.05.07"]
[EventType "swiss"]
[EventRounds "5"]
[EventCountry "CAN"]
[SourceTitle "EXT 2013"]
[Source "ChessBase"]
[SourceDate "2012.11.22"]
[SourceVersion "1"]
[SourceVersionDate "2012.11.22"]
[SourceQuality "1"]

1. e4 c6 2. d4 d5 3. exd5 cxd5 4. c4 Nf6 5. Nc3 Nc6 6. Bg5 Bg4 7. Be2 Bxe2 8. Ngxe2 dxc4 9. d5 Ne5 10. 0-0 h6 11. Bf4 Nd3 12. Qa4+ Qd7 13. Qxc4 Nxf4 14. Nxf4 Rc8 15. Qb3 g5 16. Ne6 h5 17. Rac1 Bh6 18. Ne2 fxe6 19. dxe6 Qd8 20. Rxc8 Qxc8 21. Rc1 Qd8 22. Qa4+ b5 23. Qxb5+ Kf8 24. Qb7 Kg7 25. Nd4 Qxd4 26. Qxe7+ Kg6 27. Qf7+ Kf5 28. Qc7 Rd8 29. Re1 Bf8 30. h3 Bc5 31. Kh1 g4 32. h4 Bb6 33. Qc2+ Qd3 34. Qc1 Qd2 35. Qb1+ Rd3 36. e7 Bxf2 37. Rc1 Ke6 38. b4 Rh3+ 0-1

[Event "Quebec op U2400"]
[Site "Montreal"]
[Date "2009.07.23"]
[Round "7"]
[White "Hajiyev, Elshad"]
[Black "Caire, Francois"]
[Result "0-1"]
[WhiteElo "2096"]
[BlackElo "2260"]
[PlyCount "70"]
[EventDate "2009.07.18"]
[EventType "swiss"]
[EventRounds "9"]
[EventCountry "CAN"]
[SourceTitle "EXT 2011"]
[Source "ChessBase"]
[SourceDate "2010.11.26"]
[SourceVersion "1"]
[SourceVersionDate "2010.11.26"]
[SourceQuality "1"]

1. e4 e5 2. Bc4 Nc6 3. Nf3 Bc5 4. b4 Bxb4 5. c3 Be7 6. 0-0 Nf6 7. Re1 0-0 8. d4 d6 9. h3 exd4 10. cxd4 d5 11. exd5 Nxd5 12. Bxd5 Qxd5 13. Nc3 Qd8 14. Bb2 Bf5 15. g4 Bg6 16. d5 Nb4 17. Ne5 Bf6 18. a3 Bxe5 19. axb4 Qf6 20. Re3 Qf4 21. b5 Rfe8 22. Ra4 Qh2+ 23. Kf1 Bf4 24. Rxf4 Qxf4 25. Ne2 Qc4 26. Qd4 Qxd4 27. Bxd4 Rxe3 28. Bxe3 Bd3 29. Ke1 Bxb5 30. Nd4 Bc4 31. Nf5 g6 32. Nh6+ Kf8 33. Bc5+ Kg7 34. g5 Bxd5 35. f4 f5 0-1

[Event "Quebec op U2400"]
[Site "Montreal"]
[Date "2009.07.22"]
[Round "6"]
[White "Luo, Zhao Yang"]
[Black "Hajiyev, Elshad"]
[Result "0-1"]
[WhiteElo "1824"]
[BlackElo "2096"]
[PlyCount "90"]
[EventDate "2009.07.18"]
[EventType "swiss"]
[EventRounds "9"]
[EventCountry "CAN"]
[SourceTitle "EXT 2011"]
[Source "ChessBase"]
[SourceDate "2010.11.26"]
[SourceVersion "1"]
[SourceVersionDate "2010.11.26"]
[SourceQuality "1"]

1. d4 c5 2. Nf3 cxd4 3. Nxd4 e5 4. Nf3 e4 5. Nd4 Nc6 6. Nc3 Bb4 7. Ndb5 Bxc3+ 8. Nxc3 Nge7 9. Nxe4 d5 10. Ng3 h5 11. e3 h4 12. Ne2 Bg4 13. f3 Bh5 14. Nf4 h3 15. g4 Bg6 16. Bb5 Qa5+ 17. Bd2 Qxb5 18. Bc3 d4 19. exd4 Qg5 20. Qd2 Qh4+ 21. Qf2 Qxf2+ 22. Kxf2 0-0-0 23. Rad1 Nd5 24. Nxg6 fxg6 25. Bd2 Nxd4 26. Bg5 Nf6 27. c3 Ne6 28. Be3 b6 29. Rhe1 Rxd1 30. Rxd1 Rd8 31. Ke1 Nc5 32. Bxc5 bxc5 33. Rd2 Re8+ 34. Kf2 Kc7 35. Kg3 Re3 36. Kf4 Re1 37. Rf2 Rg1 38. Re2 Nd5+ 39. Ke5 Rg2 40. Re4 Nf6 41. Ra4 Kb6 42. b4 c4 43. b5 Rxh2 44. g5 Re2+ 45. Kd4 h2 0-1

[Event "Quebec-ch op"]
[Site "Montreal"]
[Date "2006.07.10"]
[Round "4"]
[White "Cloutier, Mathieu"]
[Black "Hajiyev, Elshad"]
[Result "0-1"]
[WhiteElo "2059"]
[BlackElo "2007"]
[PlyCount "60"]
[EventDate "2006.07.07"]
[EventType "swiss"]
[EventRounds "9"]
[EventCountry "CAN"]
[SourceTitle "CBM 113 Extra"]
[Source "ChessBase"]
[SourceDate "2006.09.14"]
[SourceVersion "1"]
[SourceVersionDate "2006.09.14"]
[SourceQuality "1"]

1. e4 c5 2. Nf3 Nc6 3. d4 cxd4 4. Nxd4 Nf6 5. Nc3 e5 6. Ndb5 d6 7. Bg5 a6 8. Na3 Be6 9. Nc4 Rc8 10. Bxf6 gxf6 11. Ne3 Bh6 12. Ng4 Bg7 13. Nd5 Qa5+ 14. c3 Bxd5 15. exd5 Ne7 16. Ne3 f5 17. g3 f4 18. Nc4 Qc5 19. Qg4 0-0 20. gxf4 exf4 21. Rg1 Ng6 22. 0-0-0 b5 23. h4 bxc4 24. h5 Qxf2 25. hxg6 hxg6 26. Be2 Rb8 27. Qf3 Qb6 28. Kd2 Qxb2+ 29. Ke1 Rfe8 30. Kf1 Re3 0-1

[Event "Quebec-ch qual1"]
[Site "Montreal"]
[Date "2006.05.06"]
[Round "2"]
[White "Laurain, Guy"]
[Black "Hajiyev, Elshad"]
[Result "1/2-1/2"]
[WhiteElo "2138"]
[BlackElo "2047"]
[PlyCount "117"]
[EventDate "2006.05.05"]
[EventType "swiss"]
[EventRounds "5"]
[EventCountry "CAN"]
[SourceTitle "EXT 2007"]
[Source "ChessBase"]
[SourceDate "2006.11.23"]
[SourceVersion "1"]
[SourceVersionDate "2006.11.23"]
[SourceQuality "1"]

1. e4 c5 2. Nc3 Nc6 3. f4 g6 4. Nf3 Bg7 5. d3 e6 6. Be2 Nge7 7. 0-0 Nd4 8. e5 d5 9. Nxd4 cxd4 10. Nb5 Nf5 11. g4 a6 12. gxf5 axb5 13. f6 Bf8 14. c3 dxc3 15. bxc3 d4 16. c4 bxc4 17. dxc4 Bc5 18. Bd3 b6 19. Qf3 Ra7 20. Bb2 Bb7 21. Be4 d3+ 22. Kg2 Bxe4 23. Qxe4 0-0 24. Rf3 d2 25. Rd3 Qa8 26. Qxa8 Rfxa8 27. a3 Ra4 28. Rxd2 Rxc4 29. Rad1 h5 30. Bd4 Rxa3 31. Bxc5 bxc5 32. Rd8+ Kh7 33. R8d7 Rxf4 34. Rxf7+ Kh6 35. Rfd7 h4 36. R1d3 Ra2+ 37. Rd2 Ra3 38. R2d3 Raa4 39. R7d6 Rae4 40. Rxe6 Re2+ 41. Kg1 c4 42. Rc3 Rd4 43. Rd6 Rg4+ 44. Kf1 Rxe5 45. Rf3 Rf5 46. Rxf5 gxf5 47. f7+ Kg7 48. Rf6 Rf4+ 49. Ke2 Kf8 50. Ke3 Rf1 51. Kd4 Rf4+ 52. Ke3 Re4+ 53. Kd2 f4 54. h3 Re3 55. Rxf4 Rxh3 56. Rxc4 Kxf7 57. Ke2 Kf6 58. Kf2 Kf5 59. Rc5+ 1/2-1/2

[Event "Montreal Paques op"]
[Site "Montreal"]
[Date "2006.04.16"]
[Round "5"]
[White "Hajiyev, Elshad"]
[Black "Ye, Ling Feng"]
[Result "0-1"]
[WhiteElo "2106"]
[BlackElo "2017"]
[PlyCount "72"]
[EventDate "2006.04.14"]
[EventType "tourn"]
[EventRounds "5"]
[EventCountry "CAN"]
[SourceTitle "EXT 2007"]
[Source "ChessBase"]
[SourceDate "2006.11.23"]
[SourceVersion "1"]
[SourceVersionDate "2006.11.23"]
[SourceQuality "1"]

1. d4 Nf6 2. Nf3 g6 3. c4 Bg7 4. Nc3 d5 5. cxd5 Nxd5 6. e4 Nxc3 7. bxc3 c5 8. Bb5+ Bd7 9. Bxd7+ Qxd7 10. 0-0 cxd4 11. cxd4 Nc6 12. Be3 0-0 13. Rc1 e6 14. Qd2 Rfd8 15. Rfd1 Rac8 16. h3 b6 17. Bg5 Re8 18. e5 Ne7 19. Bxe7 Qxe7 20. Qf4 f6 21. Qg4 f5 22. Qg5 Qxg5 23. Nxg5 Rxc1 24. Rxc1 Bh6 25. h4 Bxg5 26. hxg5 Rd8 27. Rd1 Rd5 28. g3 a5 29. Rd2 b5 30. Kg2 Kf7 31. a4 bxa4 32. Ra2 Rxd4 33. Ra3 Ke7 34. f4 Kd7 35. Kf3 Rb4 36. Ke2 Kc6 0-1

[Event "Montreal Paques op"]
[Site "Montreal"]
[Date "2006.04.15"]
[Round "2"]
[White "Hajiyev, Elshad"]
[Black "Arsenault, Nicolas"]
[Result "0-1"]
[WhiteElo "2106"]
[BlackElo "2082"]
[PlyCount "75"]
[EventDate "2006.04.14"]
[EventType "tourn"]
[EventRounds "5"]
[EventCountry "CAN"]
[SourceTitle "EXT 2007"]
[Source "ChessBase"]
[SourceDate "2006.11.23"]
[SourceVersion "1"]
[SourceVersionDate "2006.11.23"]
[SourceQuality "1"]

1. d4 Nf6 2. Nf3 g6 3. c4 Bg7 4. Nc3 0-0 5. g3 d6 6. Bg2 Nc6 7. 0-0 Rb8 8. Ne1 Bd7 9. e4 a6 10. a4 e5 11. d5 Na5 12. b3 c6 13. Ba3 c5 14. f4 Ng4 15. Rf3 exf4 16. Bb2 Ne3 17. Qd3 Nxg2 18. Nxg2 fxg3 19. Rxg3 Nxb3 20. Re1 Nd4 21. e5 dxe5 22. Ba3 b6 23. a5 Bf5 24. Ne4 Bxe4 25. Rxe4 f5 26. Rxd4 cxd4 27. Bxf8 Qxf8 28. Qa3 b5 29. c5 Rc8 30. d6 Qf7 31. Nh4 e4 32. Qc1 Be5 33. Rg5 Kh8 34. Rg2 e3 35. Qc3 Qd5 36. Rxg6 hxg6 37. Nxg6+ Kh7 38. Nxe5 0-1

[Event "Montreal Pere Noel op"]
[Site "Montreal"]
[Date "2005.12.29"]
[Round "4"]
[White "Kraiouchkine, Nikita"]
[Black "Hajiyev, Elshad"]
[Result "1-0"]
[WhiteElo "2150"]
[BlackElo "2072"]
[PlyCount "153"]
[EventDate "2005.12.26"]
[EventType "swiss"]
[EventRounds "5"]
[EventCountry "CAN"]
[SourceTitle "EXT 2007"]
[Source "ChessBase"]
[SourceDate "2006.11.23"]
[SourceVersion "1"]
[SourceVersionDate "2006.11.23"]
[SourceQuality "1"]

1. e4 c5 2. Nf3 Nc6 3. d4 cxd4 4. Nxd4 Nf6 5. Nc3 e5 6. Ndb5 d6 7. Bg5 a6 8. Na3 Be6 9. Nc4 Rc8 10. Ne3 Be7 11. Bxf6 Bxf6 12. Ncd5 Bg5 13. Nc4 Nd4 14. c3 Bxd5 15. exd5 Nb5 16. a4 Na7 17. Qg4 0-0 18. h4 Bh6 19. Bd3 f5 20. Bxf5 Rxf5 21. Nxd6 Qxd6 22. Qxf5 Qxd5 23. Rd1 Qc4 24. Rh3 Rf8 25. Qd3 Qxd3 26. Rhxd3 Nc6 27. Rd7 e4 28. Rxb7 Ne5 29. Ke2 Ng4 30. Rf1 Rd8 31. Rd1 Rxd1 32. Kxd1 Nxf2+ 33. Ke2 Nd3 34. Re7 Nc5 35. a5 Kf8 36. Re5 Nb3 37. Rxe4 Nxa5 38. Ra4 Nb3 39. Rxa6 Nc1+ 40. Kd1 Nd3 41. b4 Ke7 42. Rc6 Kd7 43. b5 Bf4 44. Ra6 Be5 45. Kd2 Nc5 46. Rc6 Nb7 47. Kd3 h5 48. c4 Bf6 49. c5 Bxh4 50. Kd4 Be7 51. Kd5 g5 52. Rh6 Nxc5 53. Rxh5 Ne6 54. Rh7 Nd8 55. Ke5 Nb7 56. b6 Nd6 57. Kd5 Nb7 58. g4 Na5 59. Rg7 Nb7 60. Rh7 Nd6 61. Kc5 Nf5+ 62. Kb5 Nd4+ 63. Ka6 Nc6 64. Kb7 Nd8+ 65. Ka8 Ke6 66. b7 Nc6 67. b8Q Nxb8 68. Kxb8 Bd6+ 69. Kb7 Ke5 70. Kc6 Ba3 71. Rh1 Kf4 72. Rg1 Kf3 73. Kd5 Bb4 74. Ke5 Bd2 75. Kf5 Bf4 76. Rh1 Kg3 77. Rh5 1-0

[Event "Varennes Myriam Roy op"]
[Site "Varennes"]
[Date "2005.12.04"]
[Round "5"]
[White "Ye, Ling Feng"]
[Black "Hajiyev, Elshad"]
[Result "0-1"]
[WhiteElo "2090"]
[BlackElo "1972"]
[PlyCount "84"]
[EventDate "2005.12.02"]
[EventType "swiss"]
[EventRounds "5"]
[EventCountry "CAN"]
[SourceTitle "EXT 2009"]
[Source "ChessBase"]
[SourceDate "2008.11.26"]
[SourceVersion "1"]
[SourceVersionDate "2008.11.26"]
[SourceQuality "1"]

1. e4 e5 2. Nf3 d6 3. d4 Nd7 4. dxe5 Nxe5 5. Nxe5 dxe5 6. Qxd8+ Kxd8 7. Bc4 f6 8. 0-0 c6 9. Be3 Kc7 10. Rd1 Bg4 11. f3 Bh5 12. Nc3 Bb4 13. Ne2 Ne7 14. Ng3 Bg6 15. a3 Ba5 16. Rd3 Bb6 17. Kf2 Bxe3+ 18. Kxe3 Rhd8 19. Rad1 Rxd3+ 20. Rxd3 Rd8 21. Rxd8 Kxd8 22. Be6 Kc7 23. Nf5 Bxf5 24. Bxf5 Nxf5+ 25. exf5 Kd6 26. Ke4 a5 27. h4 a4 28. g4 b5 29. b4 axb3 30. cxb3 c5 31. f4 exf4 32. Kxf4 Kd5 33. Ke3 c4 34. Kd2 cxb3 35. Kc3 b2 36. Kxb2 h5 37. gxh5 Ke5 38. Kb3 Kxf5 39. Kb4 Kg4 40. Kxb5 f5 41. Kb4 f4 42. Kc3 Kg3 0-1

[Event "Quebec-ch qual1"]
[Site "Montreal"]
[Date "2005.04.30"]
[Round "2"]
[White "Anastasovski, Nikola"]
[Black "Hajiyev, Elshad"]
[Result "1-0"]
[WhiteElo "2159"]
[BlackElo "1940"]
[PlyCount "49"]
[EventDate "2005.04.29"]
[EventType "swiss"]
[EventRounds "5"]
[EventCountry "CAN"]
[SourceTitle "CBM 106 Extra"]
[Source "ChessBase"]
[SourceDate "2005.07.01"]
[SourceVersion "1"]
[SourceVersionDate "2005.07.01"]
[SourceQuality "1"]

1. e4 c5 2. c4 Nc6 3. Nc3 g6 4. g3 Bg7 5. Bg2 d6 6. d3 Nf6 7. h3 0-0 8. Be3 a6 9. Qd2 Rb8 10. f4 Bd7 11. Nge2 b5 12. 0-0 Qa5 13. f5 Ne5 14. b3 Nc6 15. Rae1 Nh5 16. Rc1 Nd4 17. Nxd4 cxd4 18. Nd5 Qd8 19. Bh6 Nf6 20. Bxg7 Kxg7 21. g4 Nxd5 22. exd5 Qb6 23. Rce1 Rfe8 24. Rxe7 Qd8 25. f6+ 1-0